000 00860nam a22002537a 4500
999 _c15048
_d15048
003 AR-CdUCM
008 190425b ||||| |||| 00| 0 spa d
020 _a978-607-618-084-6
040 _aMUNICIPALIDAD PROVINCIAL DEL CUSCO
_cBIBLIOTECA MUNICIPAL DEL CUSCO
082 _aPI / 803 /
_bIG35
110 _aIgloo Books
_933126
245 _aCaperucita roja /
260 _aMéxico :
_bAdvanced marketing,
_c2013.
300 _a6 paginas ;
_bIlustraciones,
_c30 cm.
_e30 emocionantes sonidos de cuentos de hadas
500 _aTitulo original : Little red riding hood
650 _aCaperucita roja
_933817
650 _aEl lobo feroz
_934058
650 _aCuento de Niñas (os)
_934059
650 _aLa abuelita
_934060
650 _aEl bosque
_934061
700 _aAlba, Arlette de (Traducción)
_934062
942 _2ddc
_cLIBROS
945 _awnts
_d2019-04-25